00447nmm a2200145Ia 4500008004100000041000800041100002300049245002300072264008900095300001800184650002200202856005100224942000700275999001900282251105s9999||||xx |||||||||||||||||und|| aspa aLas Heras, Antonio 0aEl enigma Tunguska a[Madrid, España] :bEdiciones Nowtilus, c[Fecha de publicación no identificada] a232 páginas aHistory (General) uhttps://public.digitaliapublishing.com/a/84375 cCF c103880d103880